000 00565nam a2200217Ia 4500
003 OSt
005 20220928140720.0
006 a|||||r|||| 00| 0
007 ta
008 220927b |||||||| |||| 00| 0 eng d
024 _a11321
037 _cTextual
040 _aSDCL
_cSDCL
_beng
041 _2eng
_aeng
082 _aD6,(B)<277:8, N9
100 _aStallings William Au.
245 0 _aSNMP ,SNMPv2, SNMPv3 ,and rmon 1 and 2.
260 _c1999
942 _hD6,(B)<277:8, N9
_cTEXL
_2CC
999 _c813752
_d813752